Obras [de Giambattista Vico] : retórica : Instituciones de oratoria /
Compendio de dos obras del filósofo italiano Giambattista Vico (1668-1744), quien aborda temas centrales del humanismo filosófico, como la condición humana, la sabiduría, el lenguaje o la praxis humana, entre otros. Las Oraciones inaugurales (1699-1707), también conocidas como Discursos inaugurales,...
Uloženo v:
| Hlavní autor: | |
|---|---|
| Další autoři: | , , |
| Médium: | Kniha |
| Jazyk: | španělština |
| Vydáno: |
Barcelona, España :
Anthropos,
2004, c2004
|
| Edice: | (Autores, Textos y Temas. Humanismo ;
8) |
| Témata: | |
| Tagy: |
Žádné tagy, Buďte první, kdo vytvoří štítek k tomuto záznamu!
|
MARC
| LEADER | 00000nam^a2200000^a^4500 | ||
|---|---|---|---|
| 001 | 000178854 | ||
| 005 | 20250521000000.0 | ||
| 009 | 20260310101803.061 | ||
| 020 | |a 84-7658-704-X | ||
| 037 | |a Acervo ITESO - Biblioteca | ||
| 041 | |a ESP | ||
| 082 | |a 144. |b VIC V. 2 | ||
| 100 | |a Vico, Giambattista |e (autor) | ||
| 245 | 1 | 0 | |a Obras [de Giambattista Vico] : |b retórica : Instituciones de oratoria / |c G. Vico ; ed., notas y tr. por F.J. Navarro Gómez ; presen. de E. Hidalgo-Serna, J.M. Sevilla Fernández ; pref. de Giuliano Crifò. |
| 264 | 4 | |a Barcelona, España : |b Anthropos, |c 2004, c2004 | |
| 300 | |a XIX, 267 p. | ||
| 336 | |a texto |b txt |2 rdacontenido | ||
| 337 | |a sin mediación |b n |2 rdamedio | ||
| 338 | |a volumen |b nc |2 rdasoporte | ||
| 440 | 1 | |a (Autores, Textos y Temas. |p Humanismo ; |v 8) | |
| 500 | |a Traducción de: De antiquissima Italorum sapientia | ||
| 520 | |a Compendio de dos obras del filósofo italiano Giambattista Vico (1668-1744), quien aborda temas centrales del humanismo filosófico, como la condición humana, la sabiduría, el lenguaje o la praxis humana, entre otros. Las Oraciones inaugurales (1699-1707), también conocidas como Discursos inaugurales, y La antiquísima sabiduría de los italianos (1710) son trabajos que sientan precedentes teóricos y metodológicos respecto a la Ciencia nueva (1725-1744), la obra central del pensamiento del humanista italiano. Un segundo tomo de Obras de Giambattista Vico ha sido publicado por esta misma editorial y gira en torno a la retórica. | ||
| 546 | |a Edición bilingüe español-latín | ||
| 649 | |a XX | ||
| 650 | |a Retórica | ||
| 650 | |a Humanismo | ||
| 650 | |a Filosofía del Renacimiento | ||
| 650 | |a Filosofía Italiana | ||
| 740 | 0 | |a Instituciones de oratoria / |c G. Vico ; ed., notas y tr. por F.J. Navarro Gómez ; presen. de E. Hidalgo-Serna, J.M. Sevilla Fernández ; pref. de Giuliano Crifò. | |
| 700 | |a Navarro Gómez, Francisco J. |e (edición, notas y traducción) | ||
| 700 | |a Hidalgo-Serna, Emilio |e (presentación) | ||
| 700 | |a Sevilla Fernández, José Manuel |e (presentación) | ||
| 910 | |a Fondo General | ||
| 920 | |a Impresos - Libros | ||
| 930 | |a Colección General | ||
| 905 | |a 101 | ||
| 901 | |a 0500117765 |b IT1 |c ACC |u 20250521 | ||
| 902 | |a https://opac.biblio.iteso.mx/vufind/Record/000178854 | ||